Plus Grandes Villes Guadeloupe - Statistiques

Statistiques générales
  • Ce quiz a été pris 321 fois
  • Le résultat moyen est 10 sur 14
Statistiques - réponses
Ville
Population
(en milliers)
% Correct
Pointe à Pitre 15
92%
Basse Terre 10
87%
Les Abymes 53
83%
Sainte Anne 23
82%
Saint François 12
77%
Le Gosier 26
72%
Le Moule 22
66%
Sainte Rose 18
64%
Capesterre Belle Eau 18
62%
Baie Mahault 31
61%
Petit Bourg 24
59%
Lamentin 16
58%
Morne à l'Eau 16
58%
Saint Claude 10
39%
Aucun quiz correspondant
Distribution des résultats
% des personnes avec chaque résultat
Percentile par nombre de réponses
Votre historique - résultats
Vous n’avez pas pris ce quiz